000 00448nam a2200169Ia 4500
008 230711s9999||||xx |||||||||||||| ||und||
041 _aENG
082 _a720
_bME-R
100 _aMelby,Pete
245 0 _aRegenerative design techniques : practical applications in landscape design
250 _a1st . Ed.
260 _c2002
_aNew York
_bJohn Wiley & Sons.Inc
300 _a410
650 _aArchitecture
700 _aCathcart,Tom
942 _cBK
999 _c4709
_d4709